| 000 | 00914cam a2200289 a 4500 | ||
|---|---|---|---|
| 001 | 16487397 | ||
| 005 | 20201128021102.0 | ||
| 008 | 100930t2012 moua frbd 001 0 eng d | ||
| 010 | _a2010042069 | ||
| 020 | _a9781437717082 | ||
| 040 |
_aDNLM/DLC _cDLC _dEG-SCBUE |
||
| 082 | 0 | 0 |
_a617.0231 _bLIN _222 |
| 100 | 1 |
_aLinton, Adrianne Dill _936116 |
|
| 245 | 1 | 0 |
_aIntroduction to medical-surgical nursing / _cAdrianne Dill Linton. |
| 246 | 3 | 0 | _aMedical-surgical nursing |
| 250 | _a5th ed. | ||
| 260 |
_aMissouri : _bSaunders / Elsevier, _cc.2012 _e([Ottawa]) |
||
| 300 |
_axviii, 1422 p. : _bill. (col.) ; _c29 cm. |
||
| 500 | _aGlossary : p. 1370-1383. | ||
| 500 | _aIndex : p. 1384-1422. | ||
| 504 | _aIncludes bibliographical references. | ||
| 650 | 7 |
_aNursing _92162 _2BUEsh |
|
| 651 | _2BUEsh | ||
| 653 |
_bNNUR _cSeptember2014 _cApril2015 |
||
| 655 |
_vreading book _934232 |
||
| 942 |
_2ddc _k617.0231 LIN |
||
| 999 |
_c18419 _d18391 |
||